000 00501nam a2200169Ia 4500
003 LDD
008 190117s9999 xx 000 0 und d
020 _c₹125
040 _cLDD
041 _ahi
082 _a8H1.709 ध63592
100 _aश्रोतिय, प्रभाकर
245 0 _aधर्मवीर भारती
_cप्रभाकर श्रोतिय
260 _aनई दिल्ली
_bआयाम
_c1992
300 _axvii,235प्र.
942 _2ddc
_cH
999 _c172464
_d172464